=LDR 00000nam 2200000 4500 =001 INLIS000000000025554 =005 20130612124044 =008 ***********************************Ind** =035 ##$$0010-061300000025554 =041 ##$$a Ind =082 ##$$a 808.87 =090 ##$$a 808.87, Gam a =100 ##$$a Gamal =245 ##$$a Akademi fantasi humor, Gamal =260 ##$$a 2004 $b Yogyakarta =300 ##$$a 130 hlm, 21 cm =650 ##$$a Humor =850 ##$$a NBPNMAT